Буряад литература (Запись № 11982348)

Подробности
000 -МАРКЕР
контрольное поле 01268nam1a2200265 i 4500
001 - ИДЕНТИФИКАТОР ЗАПИСИ
контрольное поле RU\NLR\BIBL_A\011212816
005 - ИДЕНТИФИКАТОР ВЕРСИИ
контрольное поле 20241213235850.0
010 ## - МЕЖДУНАРОДНЫЙ СТАНДАРТНЫЙ НОМЕР КНИГИ (ISBN)
Номер (ISBN) 978-5-85693-624-6
035 ## - ДРУГИЕ СИСТЕМНЫЕ НОМЕРА
Идентификатор записи (NLR Aleph) 011212816
100 ## - ДАННЫЕ ОБЩЕЙ ОБРАБОТКИ
Данные общей обработки 20160915d2016 e y0rusy50 ca
101 0# - ЯЗЫК РЕСУРСА
Язык текста, звукозаписи и т.д. бурятский
102 ## - СТРАНА ПУБЛИКАЦИИ ИЛИ ПРОИЗВОДСТВА
Страна публикации Российская Федерация
105 ## - ПОЛЕ КОДИРОВАННЫХ ДАННЫХ: ТЕКСТОВЫЕ МАТЕРИАЛЫ, МОНОГРАФИЧЕСКИЕ
Кодированные данные о монографическом текстовом документе a z 000 y
200 1# - ЗАГЛАВИЕ И СВЕДЕНИЯ ОБ ОТВЕТСТВЕННОСТИ
Основное заглавие Буряад литература
Сведения, относящиеся к заглавию 9-дэхи кл. һуралсалай ном-хрестомати
-- хоёр хубитай
Первые сведения об ответственности С. А. Ошорова, Д. Б. Цыденов
Последующие сведения об ответственности Буряад уласай болбосоролой болон эрдэм ухаанай яаман
210 ## - ПУБЛИКАЦИЯ, РАСПРОСТРАНЕНИЕ И ДР.
Место издания, распространения и т.д. Улаан-Үдэ
Имя издателя, распространителя и т. д. Бэлиг
Дата издания, распространения и т.д. 2016
215 ## - ФИЗИЧЕСКАЯ ХАРАКТЕРИСТИКА
Размеры 20
541 1# - ПЕРЕВОД ЗАГЛАВИЯ, СДЕЛАННЫЙ КАТАЛОГИЗАТОРОМ
Заглавие Бурятская литература
Сведения, относящиеся к заглавию учебник-хрестоматия для 9 кл.
-- в 2-х частях
Язык заглавия русский
606 1# - НАИМЕНОВАНИЕ ТЕМЫ КАК ПРЕДМЕТ
Наименование темы Бурятская литература
Формальный подзаголовок Хрестоматии для средней школы
Системный номер авторитетной/нормативной записи 1202872
Идентификатор авторитетной/нормативной записи RU\NLR\AUTH\66168912
686 1# - ИНДЕКСЫ ДРУГИХ КЛАССИФИКАЦИЙ
Индекс Ш5(2=Бу) я72
700 #1 - ИМЯ ЛИЦА - ПЕРВИЧНАЯ ОТВЕТСТВЕННОСТЬ
Начальный элемент ввода Ошорова
Часть имени, кроме начального элемента ввода С. А.
Расширение инициалов личного имени Светлана Алексеевна
Код отношения Автор
701 #1 - ИМЯ ЛИЦА - АЛЬТЕРНАТИВНАЯ ОТВЕТСТВЕННОСТЬ
Начальный элемент ввода Цыденов
Часть имени, кроме начального элемента ввода Д. Б.
Расширение инициалов личного имени Дабажап Бадмахандуевич
Код отношения Автор
852 ## - МЕСТОНАХОЖДЕНИЕ И ШИФР ХРАНЕНИЯ
Идентификатор организации NLR
Наименование фонда или коллекции (Sub-Location Identifier) ОНЛ
Шифр хранения (Call Number) Бур./2-1995
942 ## - ДОПОЛНИТЕЛЬНЫЕ ЭЛЕМЕНТЫ ЗАПИСИ (АБИС)
Тип экземпляра АБИС Книга

Нет доступных экземпляров.